Statistics for Advanced Airplane Types Quiz

Click here to take the quiz!

General Stats

  • This quiz has been taken 78 times
  • The average score is 13 of 32

Answer Stats

Answer% Correct
Airbus A330-200
77%
Airbus A380-800
72%
Boeing 777-300ER
72%
Airbus A350-900
70%
Airbus A340-600
68%
Boeing 787-8
67%
Boeing 737-800
65%
Boeing 757-200
63%
Airbus A321-200
58%
Boeing 767-300
57%
McDonnell Douglas MD-11
52%
Airbus A318-100
47%
Boeing 747-8F
47%
Boeing 717-200
45%
Boeing 727-200
45%
Bombardier CRJ-900
43%
Airbus A310-300
40%
Airbus A220-300
37%
Boeing 707-100
35%
Airbus Beluga
30%
McDonnell Douglas MD-88
27%
Bombardier Dash 8 Q400
23%
Embraer ERJ-195
23%
Boeing Dreamlifter
20%
McDonnell Douglas DC-10-10
20%
Sukhoi Superjet 100
18%
Fokker 100
17%
Ilyushin Il-96-300
17%
Airbus A300-600R
15%
Dornier 328 Jet
13%
Avro RJ85
12%
BAe Jetstream 41
5%

Score Distribution

Percentile by Number Answered

Percent of People with Each Score

Your Score History

You have not taken this quiz